00238nam a2200097Ia 4500008004100000100002100041245002400062260002800086300000800114650001800122191201s2004 xx 000 0 und d aSINGH, Joginder  0aYou Too Can Succeed aN.DelhibNew Dawnc2004 a207 aGeneral Books